000
00204 a2200097 4500
001
1327
100
_a
Wilson, F.W.
245
_a
Tool engineers Hand book
260
_a
_b
Mcgrawhill
_c
090
_c
885
_d
885
942
_a
NUST-CAE
_c
M
_c
35655
999
_c
236400
_d
236400